000 00353nam a2200133Ia 4500
005 20250424120330.0
008 250424s9999 xx 000 0 und d
050 _aThe nigerian journal of contemporary law
245 0 _aAkoka, Lagos
260 _aFaculty of Law, University of Lagos
260 _b2012
260 _cviii, 247 p. ; 22 cm.
650 _aSR
999 _c38716
_d38716